|
|
|
|
| LEADER |
02860nam a2200649 i 4500 |
| 001 |
mzk03001234417 |
| 003 |
CZ BrMZK |
| 005 |
20170406141459.0 |
| 007 |
ta |
| 008 |
170321s1766 xr fr|||||00| ||latod |
| 040 |
|
|
|a BOA001
|b cze
|e rda
|
| 043 |
|
|
|a e-xr---
|
| 072 |
|
7 |
|a 27
|x Křesťanství. Křesťanská církev všeobecně. Eklesiologie
|2 Konspekt
|
| 072 |
|
7 |
|a 094
|x Staré tisky
|2 Konspekt
|9 12
|
| 080 |
|
|
|a 27-36
|2 MRF
|
| 080 |
|
|
|a 930.2
|2 MRF
|
| 080 |
|
|
|a 025.171
|2 MRF
|
| 080 |
|
|
|a (437.3)
|2 MRF
|
| 080 |
|
|
|a (0.068)094
|2 MRF
|
| 080 |
|
|
|a (092)
|2 MRF
|
| 100 |
0 |
|
|a Kristián,
|c mnich,
|d asi 929-asi 996
|7 jk01063351
|4 aut
|
| 245 |
1 |
0 |
|a Vita Sanctae Ludmillae /
|c Auctore Christanno de Scala sanctae pronepote Ordinis S. Benedicti, antiquissimi ac celeberrimi Monasterii Brzevnoviensis professo. Commentaris cl. cl. continuatorum Bollandi e S. J. illustrata
|
| 264 |
|
1 |
|a Vetero - Pragae :
|b Joannis Caroli Hraba, Regni Bohemiae D. D. statuum typographi,
|c [1766]
|
| 300 |
|
|
|a 2 nečíslované strany, 55 stran ;
|c 8°
|
| 336 |
|
|
|a text
|b txt
|2 rdacontent
|
| 337 |
|
|
|a bez média
|b n
|2 rdamedia
|
| 338 |
|
|
|a svazek
|b nc
|2 rdacarrier
|
| 500 |
|
|
|a Výzdoba: Nad impresem ozdobná linka a nad ní viněta, vlys, klišé, viněty, typografické ozdůbky, ozdobné a jednoduché linky
|
| 500 |
|
|
|a Rozsah: [2], 55 s.
|
| 500 |
|
|
|a Titulní list tištěn majuskulou
|
| 501 |
|
|
|a Obsahuje: Přívazek Propositiones ex philosophia, quas sub rectoratu ad modum reverendi, clarissimi, ac eximii / Franz Wissinger
|
| 561 |
|
|
|a Provenience: [m.p.] Monasterii Braunensis
|
| 561 |
|
|
|a Provenience: [razítko] S.A.B. BRAUNAU
|
| 561 |
|
|
|a Provenience: [razítko] SVK HK/ 2755
|
| 563 |
|
|
|a Usňová vazba, lepenkové desky potažené hovězinou
|
| 590 |
|
|
|a Poškozeno hmyzem
|
| 600 |
0 |
7 |
|a Ludmila,
|c svatá,
|d asi 860-921
|7 jn20000728380
|
| 650 |
|
7 |
|a křesťanští světci
|7 ph115082
|2 czenas
|
| 650 |
|
7 |
|a historické prameny
|7 ph114671
|2 czenas
|
| 650 |
|
7 |
|a historické knihovní fondy
|7 ph172933
|2 czenas
|
| 651 |
|
7 |
|a Česko
|7 ge128065
|2 czenas
|
| 655 |
|
7 |
|a staré tisky
|7 fd422076
|2 czenas
|
| 655 |
|
7 |
|a biografie
|7 fd131909
|2 czenas
|
| 700 |
1 |
|
|a Hopfenstock, Carolus
|4 dis
|
| 700 |
1 |
|
|a Bolland, Johannes,
|d 1596-1665
|7 xx0047737
|4 cwt
|
| 856 |
4 |
2 |
|u http://books.google.cz/books?vid=NKP:1002616647&printsec=frontcover
|y Digitalizovaný dokument
|z Exemplář z Národní knihovny ČR
|
| 903 |
|
|
|a RP
|
| 910 |
|
|
|a NAG950
|b B - XX. F. bb. 35,1
|
| 978 |
|
|
|b Hraba, Jan Karel
|a Praha
|c 1766
|
| 982 |
0 |
|
|a Broumov - benediktinský klášter
|
| 982 |
0 |
|
|a Hradec Králové - SVK
|
| 984 |
|
|
|a Praha
|b Česko
|
| 985 |
|
|
|a 1751-1800
|
| 990 |
|
|
|a BK
|
| 991 |
|
|
|k broumov
|
| 980 |
|
|
|c 001211
|g B - XX. F. bb. 35,1
|1 458950001211
|
| 994 |
|
|
|a DN
|l MZK03
|b 001234420
|m záznam 1. díla (pro objednání pokračujte kliknutím)
|n přívazek
|